Statistiques concernant Tête de Napoléon III avec des formes de pays

Cliquez ici pour prendre le quiz!

Statistiques générales

  • Ce quiz a été pris 608 fois
  • Le résultat moyen est 5 sur 14

Réponses sur la Carte

Les réponses sont colorées sur une échelle allant du rouge au vert en fonction du pourcentage des utilisateurs qui les ont devinées à leur premier essai. Vous pouvez retrouver ces pourcentages ci-dessous.
 

Statistiques - réponses

Pays% Correct
Norvège
85%
Sri Lanka
76%
Cuba
53%
Suède
52%
Arabie Saoudite
46%
Moldavie
44%
Emirats Arabes Unis
34%
Malawi
32%
Eswatini
21%
Lesotho
20%
Oman
19%
Jamaïque
18%
Portugal
18%
Bhoutan
16%

Distribution des résultats

Percentile par nombre de réponses

% des personnes avec chaque résultat

Votre développement - résultats

Vous n’avez pas pris ce quiz